00417 2200157 4500001002100000008004100021035002000062245005300082100002100135260002500156300002200181020002200203084001400225082000800239990001200247INLIS000000000002782 IND  a0010-0925000129 aTubuh Renta Ini Siap MenjagamucEidelweis Almira aEidelweis Almira aJakartabZettuc2014 a188c(13 x 19 cm) a978-602-7999-89-3 a813 EID t a813 a0755004